Stati per minore Età mediana - Asia - Statistics

Statistiche generali
  • Questo quiz è stato fatto 5 volte
  • Il punteggio medio è 7 su 10
Statistiche sulle risposte
Età mediana (anni) Nazione % Corretto
21,2 Iraq
100%
19,5 Afghanistan
80%
23,5 Giordania
80%
22,0 Pakistan
80%
19,8 Yemen
80%
24,1 Filippine
60%
24,0 Laos
60%
25,3 Nepal
60%
23,5 Siria
60%
19,6 Timor Est
40%
Nessun quiz corrispondente trovato
Distribuzione punteggi
Percentuale di utenti per punteggio
Percentile per numero di risposta
I tuoi punteggi nel tempo
Non hai fatto questo quiz